000 00533nam a2200193Ia 4500
008 220531s9999 xx 000 0 und d
041 _aeng
082 _a-
_bDHU
100 _aDhumal, K. N. &. Others
_968609
245 _aTaxonomy Of Angiosperms, Plant Community And Plant Physiology (botany Paper-i&ii)
250 _a1ST
260 _aPune
_bNirali
_c2014
300 _a9.12
542 _d03-07-2014
551 _aScience
_bNon-grant-SCI
650 _aBotany
_968610
906 _d2014-2015
_f249
999 _c38536
_d38536